书目信息 |
| 题名: |
党的纪律检查工作手册
|
|
| 作者: | 谢勇 主编 ;中共黑龙江省纪律检查委员会 编 | |
| 分册: | ||
| 出版信息: | 北京 中国展望出版社 1987.9 |
|
| 页数: | 584页 | |
| 开本: | 19厘米 | |
| 丛书名: | ||
| 单 册: | ||
| 中图分类: | D262.6 | |
| 科图分类: | 33.12513 | |
| 主题词: | 纪律检查-中国共产党--工作--手册 , 中国共产党-纪律检查--工作--手册 | |
| 电子资源: | ||
| ISBN: | 7-5050-0117-5 | |
| 000 | 01064nam0 2200277 45 | |
| 001 | 0188019743 | |
| 005 | 20070713084140.54 | |
| 010 | @a7-5050-0117-5@dCNY4.50 | |
| 020 | @aCN@b88019743 | |
| 100 | @a19910417d1987 m y0chiy0120 ea | |
| 101 | 0 | @achi |
| 102 | @aCN@b110000 | |
| 105 | @ay g 000yy | |
| 200 | 10 | @a党的纪律检查工作手册@Adang de ji lu jian cha gong zuo shou ce@f谢 勇主编@Fxie yong zhu bian@g中共黑龙江省纪律检查委员会编 |
| 210 | @a北京@c中国展望出版社@d1987.9 | |
| 215 | @a584页@d19厘米 | |
| 330 | @a本书全面系统地介绍了党的纪律检查机关的任务、职权、指导方针、基本原则、工作程序和工作方法,以及有关历史知识。 | |
| 540 | 1 | @a党的纪律检查工作手册@Adang de ji lu jian cha gong zuo shou ce |
| 606 | @a纪律检查-中国共产党@x工作@x手册 | |
| 606 | @a中国共产党-纪律检查@x工作@x手册 | |
| 690 | @aD262.6@v1980 | |
| 692 | @a33.12513@v1974 | |
| 701 | 0 | @a谢勇@Axie yong@4主编 |
| 711 | 02 | @a中共黑龙江省纪律检查委员会@Azhong gong hei long jiang sheng ji lu jian cha wei yuan hui@4编 |
| 801 | 0 | @aCN@bTSSF@c20070713 |
| 905 | @a10447@dD262.6@e184 | |
| 党的纪律检查工作手册/谢 勇主编/中共黑龙江省纪律检查委员会编.-北京:中国展望出版社,1987.9 |
| 584页;19厘米 |
| ISBN 7-5050-0117-5:CNY4.50 |
| 本书全面系统地介绍了党的纪律检查机关的任务、职权、指导方针、基本原则、工作程序和工作方法,以及有关历史知识。 |
| ● |
| 相关链接 |
|
|
|
|
正题名:党的纪律检查工作手册
索取号:D262.6/184
 
预约/预借
| 序号 | 登录号 | 条形码 | 馆藏地/架位号 | 状态 | 备注 |
| 1 | 0766039 | 207660397 | 第一样本阅览室/ [索取号:D262.6/184] | 在馆 |